000 00226nam a2200085Ia 4500
245 0 _aGod, ek is ook hier!
100 _a Venter, Hendrik Pretoria, 2009
_982460
942 _cBK
008 210819s9999 xx 000 0 und d
999 _c297982
_d297981